Städte der Welt mit D - Statistiken

Allgemein
  • Dieses Quiz wurde 50 mal gespielt
  • Das Durchschnittsergebnis liegt bei 21 aus 33
Antwortstatistiken
Hinweise Antwort % Korrekt
Hauptstadt SachsensBekannt für seine ''Frauenkirche'' Dresden
93%
Größte Stadt der Vereinigten Arabischen EmirateBesitzt das höchste Gebäude der Welt Dubai
93%
Größte Stadt des Ruhrgebiets Dortmund
90%
Landeshauptstadt Nordrhein-Westfalens Düsseldorf
90%
Öl- und Baumwollindustriestadt in Texas,auch ''Big D'' genannt Dallas
88%
Als ''Motown'' bekannte Stadt in den USAFirmensitz der BigThree (General Motors, Ford und Chrysler) Detroit
88%
englische Stadt am Ärmelkanaloder: Hauptstadt von Delaware Dover
88%
Großstadt auf einer europäischen InselHeimatort von Guinness Dublin
88%
dort steht ''Le Monument de la Renaissance Africaine''Hauptstadt des Senegals Dakar
85%
Zweitgrößte Stadt IndiensHauptort des Nationalen Hauptstadtterritoriums Indiens Delhi
83%
Parlaments- und Regierungssitz der NiederlandeWird amtlich 's-Gravenhage genannt Den Haag
83%
kroatische KüstenstadtHauptstadt der ehemaligen Republik Ragusa Dubrovnik
80%
Hauptstadt und größte Stadt von Bangladesch Dhaka
78%
US-Amerikanische Stadt nahe den Rocky MountainsHauptstadt Colorados Denver
75%
Eine der ältesten Städte der WeltHauptstadt eines nahöstlichen Landes Damaskus
73%
Ukrainische Stadt, welche derzeitig von Russland besetzt ist Donezk
73%
Hauptstadt des gleichnamigen afrikanischen Staates am Bab al-Mandab Dschibuti
73%
Hauptstadt TadschikistansBedeutet übersetzt soviel wie ''Montag'' Duschanbe
68%
Hauptstadt Osttimors Dili
65%
Hauptstadt eines Emirats am Persischen Golf Doha
65%
Schweizer Ski- und Luftkurort in Graubünden Davos
63%
Größte Stadt Tansanias, sowie ehemalige Hauptstadt des Landes Daressalam
60%
Stadt in Südafrika am Indischen OzeanHauptort eThekwini's Durban
60%
Hauptstadt des australischen Northern Territory's,auch ''Tor nach Asien'' genannt Darwin
55%
Hauptstadt eines ostafrikanischen LandesWurde 1907 von Deutschen Kolonisten grgründet Dodoma
53%
südkoreanisches Zentrum der Textil- und ElektroindustrieGelegen im Süden des Landes Daegu
43%
Hafenstadt am Gelben MeerGrößte Stadt der chinesischen Provinz Liaoning Dalian
38%
norwegische Stadt nahe Oslobekannt für Kunst, Architektur und Bier Drammen
30%
wichtigste Hafenstadt Saudi-Arabiens Dschidda
30%
größte Stadt auf Mindanao (Philippinische Insel)Dort wird größtenteils Cebuano gesprochen Davao
25%
baskische HafenstadtDer spanische Name dieser Stadt ist ''San Sébastian'' Donostia
23%
ehemalige Hauptstadt Südkoreas1993 fand dort die Weltausstellung statt Daejeon
10%
Stadt am PerflussdeltaDort begann der Erste Opiumkrieg Dongguan
10%
Keine übereinstimmenden Quizze gefunden
Verteilung der Resultate
Anzahl Personen mit jedem Resultat
Perzentil nach korrekt beantworteten Fragen
Ihre Resultats-Entwicklung
Sie haben dieses Quiz noch nicht gespielt